| 000 | 01752cam a22004694i 4500 | ||
|---|---|---|---|
| 003 | PE-LiUPU | ||
| 005 | 20250731184540.0 | ||
| 008 | 190815s1970 nyua r 001 0 eng d | ||
| 035 | _a(Sirsi) a252496 | ||
| 040 |
_aPE-LiUPU _bspa _cPE-LiUPU _erda |
||
| 049 | _aPRUA | ||
| 082 | 0 | 4 |
_a913.04 _bA2 _223 |
| 245 | 0 | 0 |
_aAdventures of huckleberry finn / _ceditor, Bernard DeVoto. |
| 264 | 1 |
_aNew York : _bNorton, _c1970. |
|
| 300 |
_alxxvi, 396 páginas : _bilustraciones ; _c24 centímetros |
||
| 336 |
_atext _2rdacontent |
||
| 337 |
_aunmediated _2rdamedia |
||
| 338 |
_avolume _2rdacarrier |
||
| 505 | 0 | _aDiscover moses and the bulrushers -- Our gangs dark oath -- We ambuscade the a-rabs -- The hair-ball oracle -- Pap starts in on a new life -- Pap struggles with the death angel -- I fool pap and get away -- I spare miss watsons jim -- The house of Death floats by -- What comes of handlin snake-skin -- Theyre after us -- Better let blanme well alone. | |
| 526 | _aP136 | ||
| 526 | _aP135 | ||
| 526 | _aP134 | ||
| 526 | _aP133 | ||
| 526 | _aP144 | ||
| 526 | _aP143 | ||
| 526 | _aP87 | ||
| 526 | _aP35 | ||
| 526 | _aP20 | ||
| 526 | _aP14 | ||
| 526 | _aP10 | ||
| 526 | _aP06 | ||
| 600 | 1 | 4 |
_aFinn, Huckleberry (Personaje ficticio) _vNovela. |
| 651 | 4 |
_aRío Mississippi _vNovela. |
|
| 651 | 4 |
_aNiños fugitivos _vNovela. |
|
| 700 | 1 |
_aDeVoto, Bernard, _eeditor. |
|
| 910 |
_abgr _bksl _cksl _d20190815 |
||
| 942 |
_2ddc _cBOOK |
||
| 994 |
_aC0 _bPEPRU |
||
| 596 | _a1 | ||
| 999 |
_a913.04 A2 _wDEWEY _c31724 _i80625 _f2021-11-11 _g3 _lCCODEBUL1 _mBUL _p25.00 _r0 _sY _tBOOK _u2019-8-15 _xTEOLOGIA _PP14 _0COMPRA _o.STAFF. Colección de Teología _d31724 |
||
| 980 |
_81 _gALBERTO SANCHEZ Responsable de Automatización |
||